000
00395nam a22001697a 4500
003
MPLRDC
005
20220104143440.0
008
210129b ||||| |||| 00| 0 eng d
082
_a
173.2 ZPL
100
_a
祝蓓里编著
245
_a
青年期心理学
_c
250
_a
一版一刷
260
_a
_b
上海人民出版社
_c
1986
300
_b
平
650
_a
942
_c
BK
_o
173.2 ZPL
999
_c
40016
_d
40006